000 01444cam a2200373L 4500
001 77754
005 20230410103826.0
008 091208s2006 ua 000 u eng d
035 _a(OCoLC)ocn475551576
040 _aDKDLA
_bdan
_cDKDLA
020 _a9774249712
020 _a9789774249716
029 0 _aDKDLA
_b33676860
029 1 _aDKDLA
_b34234463
035 _a(OCoLC)475551576
050 1 4 _a403 DS 36.8
_bA517i 2006
082 0 0 _a953
049 _aGRAL
100 1 _aAmin, Galal A.,
_d1935-
245 1 4 _aThe illusion of progress in the Arab World :
_ba critique of western misconstructions /
_cGalal Amin ; translated by David Wilmsen.
260 _aCairo :
_bThe American University in Cairo Press,
_c2006.
300 _a160 p.;
_c20 cm
500 _aTítulo original: Khurafat al-taqaddum wa-al-ta'akhkhur.
520 8 _aTakes on the terms of the debate between the Arab world and the West. The author's critique of the much-discussed UNDP Arab Human Development Report represents a reasoned Arab reply to this document that has been too frequently used as a cudgel to bash the Arab world.
651 0 _aArab countries
_xWestern influences.
650 0 _aCivilization, Arab
_y21st century.
650 0 _aEast and West.
650 4 _aCivilización árabe.
651 4 _aPaíses árabes
_xHistoria.
651 4 _aPaíses árabes
_xCondiciones sociales.
942 _2lcc
_cbk
994 _aC0
_bDRFGD
946 _alh
999 _c26578
_d26578